00510nam a2200181 a 45000010010000000030011000100080041000210350026000620820014000881000017001022450026001192600034001456500012001799420012001919520090002039980020002939990015003130000-9198ELIB.Books110520 1998  a(ELIB.Books)0000-9350 a266 bZuc aZuck, Roy B. aVital Missions Issues bSecunderabad: OM Books c1998 aMission 2ddccBK 00102ddc4070aKBTSbKBTSd2011-05-20l0p8192r2022-01-22 00:00:00w2022-01-22yBK cbate2011-05-20 c9198d9198